000 01782cam a22003255a 4500
001 L149199
002 18038
008 100201s2010 xxk f 001 0 eng d
020 _a9780203872451
020 _a9780415552561
022 1 _a0306-3046
035 _a(Sirsi) u149199
041 0 _aeng
050 0 4 _a692.5 $2 18
110 2 _aDavis Langdon
_94649
245 0 0 _aSpon's architects' and builders' price book 2010
_h[electronic resource]
250 _a135th ed.
260 _aAbingdon
_bTaylor and Francis
_c2010
350 _a145
505 2 _aGeneral -- Approximate estimating -- Prices for measured works: major works -- Prices for measured works: minor works -- Fees for professional services -- Rates of wages -- Daywork and prime cost -- Tables and memoranda
520 _aKey changes in this edition are overheads and profits have been revised sharply downwards to 2.5% in line with actual levels. Preliminaries have also been dropped to 13%, on a lower cost base. And labour rates have been adjusted to reflect today's economic conditions. Also new are 150 new Measured Works items, including: additional ACO drainage systems such as Qmax - a large capacity drainage channel and Kerbdrain made from recycled and recyclable material, an overhauled Kalzip roofing section, over 900 key Approximate Estimate items with high & low rate ranges, and 13 elemental building cost models.
520 _aSupersedes the 134th edition (ISBN 9780415465557).
520 _aSuperseded by 136th edition (ISBN 9780415588454).
521 _aAdvanced
590 _aKA
651 4 _aUnited Kingdom
_y
690 _aBUILT ENVIRONMENT-BUILDING COSTS
856 4 0 _uhttps://www.vlebooks.com/
_zView on VLEbooks. Logins for members only from [email protected]
942 _n0
999 _c110406
_d110406